00462nam a22001697a 450000500170000000800410001702000180005802200150007604100120009108200120010310000120011524500570012725000190018426000340020330000300023765000250026720240924080716.0240924b |||||||| |||| 00| 0 eng d a9780409121797 a0409004480 aEnglish a349 JOU lEnglish aThe Law of South Africa / cWA Joubert and JA Faris  aThird Edition  aDurban: bLexisNexis, c2014  bvii, 426 pages; c26 cm.  aLegal practice bLaw